Repensar la universidad : (Registro nro. 6018)

Detalles MARC
000 -LEADER
fixed length control field 00824nam a2200241Ia 4500
003 - CONTROL NUMBER IDENTIFIER
control field OSt
005 - DATE AND TIME OF LATEST TRANSACTION
control field 20200903104742.0
008 - FIXED-LENGTH DATA ELEMENTS--GENERAL INFORMATION
fixed length control field 191128s2013 ck gr 000 0dspa d
020 ## - INTERNATIONAL STANDARD BOOK NUMBER
International Standard Book Number 9789588844039
040 ## - CATALOGING SOURCE
Original cataloging agency CO-JMCR
Transcribing agency CO-JMCR
041 0# - LANGUAGE CODE
Language code of text/sound track or separate title spa
082 04 - DEWEY DECIMAL CLASSIFICATION NUMBER
Classification number 378 /
Item number C676r
Edition number 23
100 1# - MAIN ENTRY--PERSONAL NAME
Personal name Coronado Padilla, Fabio Humberto,
Relator term autor
9 (RLIN) 9694
245 10 - TITLE STATEMENT
Title Repensar la universidad :
Remainder of title en tanto universidad, Católica y Lasallista /
Statement of responsibility, etc. Fabio Humberto Coronado Padilla
250 ## - EDITION STATEMENT
Edition statement Primera edición
260 ## - PUBLICATION, DISTRIBUTION, ETC.
Place of publication, distribution, etc. Bogotá :
Name of publisher, distributor, etc. Ediciones Unisalle,
Date of publication, distribution, etc. 2013.
300 ## - PHYSICAL DESCRIPTION
Extent 627 páginas ;
Dimensions 24 cm.
500 ## - GENERAL NOTE
General note Incluye biografía del autor en solapa frontal.
505 0# - FORMATTED CONTENTS NOTE
Formatted contents note Ideas y pensadurías -- Memorias y habladurías
650 24 - SUBJECT ADDED ENTRY--TOPICAL TERM
Topical term or geographic name entry element Proyecto educativo
9 (RLIN) 9695
650 24 - SUBJECT ADDED ENTRY--TOPICAL TERM
Topical term or geographic name entry element Educación superior
9 (RLIN) 5582
942 ## - ADDED ENTRY ELEMENTS (KOHA)
Source of classification or shelving scheme Dewey Decimal Classification
Koha item type Books
Existencias
Withdrawn status Lost status Source of classification or shelving scheme Materials specified (bound volume or other part) Damaged status Not for loan Home library Current library Shelving location Date acquired Source of acquisition Full call number Barcode Date last seen Copy number Price effective from Koha item type
    Dewey Decimal Classification Donación--15/04/2018--     Biblioteca Pública José María del Castillo y Rada Biblioteca Pública José María del Castillo y Rada General Stacks 11/28/2019 Donación 378 / C676r 430011611 05/16/2024 Ej.1 11/28/2019 Books